[Event "Bad Woerishofen op"]
[Site "?"]
[Date "2001.??.??"]
[Round "1"]
[White "Fries, Elisabeth"]
[Black "Mentel, Juergen"]
[Result "0-1"]
[WhiteElo "1464"]
[BlackElo "2024"]
[Annotator "ChessOrg"]
[PlyCount "48"]
[EventDate "2000.??.??"]

1. d4 {A41: Moderne Verteidigung} 1... d6 2. c4 e5 3. dxe5 dxe5 4. Qxd8+ Kxd8
5. e4 {letzter Buchzug} 5... Be6 6. Nf3 f6 7. Nc3 c6 8. a3 a5 9. Be3 Nd7 10.
Be2 g6 11. Rd1 Kc7 12. O-O Nh6 13. Nd2 Ng4 14. Bxg4 Bxg4 15. f3 Be6 16. Rc1 b6
17. Ne2 Be7 18. f4 Rad8 19. fxe5 Nxe5 20. Nd4 Bf7 21. N2f3 (21. N4f3 Nd3 22.
Rb1 22... Rhf8 $11) 21... Nxc4 $15 (21... Bxc4 22. Nxe5 fxe5 23. Nxc6 Kxc6 24.
Rxc4+ Kb7 25. a4 $11) 22. Bf4+ Kb7 23. Kh1 (23. b3 $5 23... Bc5 24. bxc4 Bxd4+
25. Nxd4 Rxd4 26. Be5 fxe5 27. Rxf7+ Ka6 28. c5 $17) 23... Bc5 24. Nb3 Be3 (
24... Be3 25. Bxe3 25... Nxe3 $19) 0-1

[Event "Bad Woerishofen op"]
[Site "Bad Woerishofen"]
[Date "2001.??.??"]
[Round "4"]
[White "Fries, Elisabeth"]
[Black "Dittler, Volkfried"]
[Result "0-1"]
[WhiteElo "1464"]
[BlackElo "1900"]
[Annotator "ChessOrg"]
[PlyCount "114"]
[EventDate "1998.03.05"]
[Source "ChessBase"]
[SourceDate "1998.04.29"]

1. d4 {E12: Damenindisch (Petrosjan-System und 4. oder 5.Lg5)} 1... Nf6 2. c4
e6 3. Nf3 b6 4. Nc3 Bb7 5. Bg5 Be7 6. e3 d6 7. Be2 {letzter Buchzug} 7... Nbd7
8. O-O O-O 9. Nd2 h6 10. Bh4 Re8 11. f4 d5 12. Bf3 c5 13. cxd5 (13. Rc1 13...
Qb8 $11) 13... exd5 $15 14. Bf2 a6 15. e4 dxe4 16. Ndxe4 Nxe4 17. Bxe4 Bxe4 18.
Nxe4 Bf8 19. Nc3 Rc8 20. dxc5 Nxc5 21. Qxd8 Rcxd8 22. Rad1 f5 23. Rxd8 Rxd8 24.
Rd1 Rxd1+ 25. Nxd1 g6 26. Bxc5 Bxc5+ 27. Kf1 Kf7 28. Ke2 Ke6 29. Kd3 Bg1 30. h3
Bh2 31. Ke3 Bg3 32. Nc3 b5 33. b3 Be1 34. Ne2 Kd5 35. Kd3 a5 36. a3 Bf2 37.
Nc3+ Kc5 38. Ne2 h5 39. g3 Be1 40. Ke3 a4 41. bxa4 bxa4 42. Kd3 Bf2 43. Kc3 Be3
(43... Kb5 44. Nd4+ Kb6 45. Ne2 $17) 44. Kd3 $11 44... Bf2 45. Kc3 h4 46. gxh4
Bxh4 47. Kd3 Be7 48. Nc3 Bd6 49. Ke3 $4 (49. Nxa4+ $142 49... Kc6 50. Nc3 $11)
49... Kc4 $19 50. Nxa4 (50. Nb1 Kb3 51. Kd3 51... Bxf4 $19 (51... Bxa3 52. Nxa3
Kxa3 53. Kc3 $11)) 50... Kb3 (50... Bxa3 $6 51. Nb6+ Kc5 52. Nd7+ Kd5 53. Ne5
$11) 51. Kd4 (51. Nb2 Kxb2 52. a4 52... Bc7 $19) 51... Kxa4 52. Kd5 (52. Ke3
Kxa3 (52... Bxa3 $143 53. Kd4 $19) 53. Kf3 53... Kb4 $19) 52... Bxf4 53. Ke6
Bg5 54. Ke5 Bh6 55. h4 f4 56. Ke4 Kxa3 57. Kf3 Kb3 (57... Kb3 58. Kf2 58... Kc3
$19) 0-1

[Event "Bad Woerishofen op"]
[Site "Bad Woerishofen"]
[Date "2001.??.??"]
[Round "6"]
[White "Fries, Elisabeth"]
[Black "Stelzer, Wolfgang"]
[Result "0-1"]
[WhiteElo "1464"]
[BlackElo "1818"]
[Annotator "ChessOrg"]
[PlyCount "54"]
[EventDate "1998.03.05"]
[Source "ChessBase"]
[SourceDate "1998.04.29"]

1. d4 {A31: Englische Eroeffnung (Symmetrische Variante)} 1... Nf6 2. c4 c5 3.
Nf3 g6 4. Nc3 cxd4 5. Nxd4 Bg7 6. e3 6... b6 {letzter Buchzug} 7. Be2 (7. Qf3
$5 7... Nc6 8. Nxc6 dxc6 9. Qxc6+ Bd7 10. Qf3 $14) 7... Bb7 $11 8. Bf3 Bxf3 9.
Qxf3 (9. gxf3 $143 9... Nc6 $15) 9... Na6 10. Qe2 O-O (10... Nc5 11. O-O $11)
11. O-O d6 12. Rd1 Qc7 13. Nd5 (13. e4 Rac8 14. b3 14... h6 $14) 13... Nxd5 $11
14. cxd5 Nb4 15. a3 (15. Qd2 $5 15... Bxd4 16. Qxb4 $11 (16. Qxd4 $2 16... Nc2
17. Qc3 Qxc3 18. bxc3 18... Nxa1 $19)) 15... Nxd5 $15 16. Rb1 Rfc8 17. Bd2 (17.
e4 17... Nf6 $17) 17... Qb7 18. Qf3 Rab8 19. Rdc1 e6 20. Nb5 Qd7 21. Nc3 Nxc3
22. Bxc3 Bxc3 23. bxc3 Qa4 24. Qd1 $2 (24. Qf6 Qxa3 25. Ra1 25... Qb2 $19)
24... Qxd1+ 25. Rxd1 Rxc3 26. Rxd6 Rbc8 (26... Rxa3 27. Kf1 $19) 27. Rdd1 Rxa3
(27... Rxa3 28. Kf1 28... Ra2 $19) 0-1

[Event "Bad Woerishofen op"]
[Site "Bad Woerishofen"]
[Date "2001.??.??"]
[Round "9"]
[White "Fries, Elisabeth"]
[Black "Stoffel, Matthias"]
[Result "0-1"]
[WhiteElo "1464"]
[BlackElo "1800"]
[Annotator "ChessOrg"]
[PlyCount "48"]
[EventDate "1998.03.05"]
[Source "ChessBase"]
[SourceDate "1998.04.29"]

1. d4 {E92: Koenigsindisch (Klassisches System)} 1... Nf6 2. c4 g6 3. Nc3 Bg7
4. e4 d6 5. Nf3 O-O 6. Be2 e5 7. dxe5 dxe5 8. Qxd8 Rxd8 9. Bg5 c6 10. O-O {
letzter Buchzug} 10... Bg4 11. Rfe1 Bxf3 12. Bxf3 Na6 13. Rad1 Nc5 14. Rxd8+
Rxd8 15. Bxf6 (15. Kf1 15... Rd7 $11) 15... Bxf6 $15 16. Rd1 Rd4 17. b3 Bg5 18.
Rxd4 (18. g3 18... h5 $11) 18... exd4 19. Nb1 a5 20. Kf1 Kg7 21. Ke2 Kf6 22. g3
Ke5 23. Nd2 (23. Bg2 $5 23... d3+ 24. Kd1 $15) 23... Bxd2 $17 24. Kxd2 Nxe4+ (
24... Nxe4+ 25. Ke1 25... d3 $17) 0-1

[Event "Bad Woerishofen op"]
[Site "Bad Woerishofen"]
[Date "2001.??.??"]
[Round "2"]
[White "Fries, Werner"]
[Black "Belic, Robert"]
[Result "1-0"]
[WhiteElo "1652"]
[BlackElo "1932"]
[Annotator "ChessOrg"]
[PlyCount "79"]
[EventDate "1998.03.05"]
[Source "ChessBase"]
[SourceDate "1998.04.29"]

1. e4 {C41: Philidor-Verteidigung} 1... d6 2. d4 Nf6 3. Nc3 Nbd7 4. Nf3 e5 5.
Bc4 Be7 6. O-O O-O 7. Bg5 {letzter Buchzug} 7... c6 8. Ne1 (8. Bb3 exd4 9. Qxd4
9... Nc5 $11) 8... Qb6 (8... b5 $5 9. dxe5 9... Nxe5 $15 (9... bxc4 $143 10.
exd6 (10. exf6 $6 10... Nxf6 11. Nf3 11... Rb8 $11) 10... Re8 11. dxe7 Qxe7 12.
Qd4 $16) (9... dxe5 $6 10. Bd3 $15)) 9. dxe5 $11 9... dxe5 10. Nd3 Re8 11. Kh1
Qd4 12. Bb3 12... Nxe4 $2 (12... Rd8 $11 $142) 13. Be3 $18 13... Nxc3 14. Qf3
Qd5 15. Bxd5 Nxd5 16. c4 N5f6 17. Qe2 Bf8 18. f3 Re6 19. Rad1 c5 20. a3 b6 21.
Nf2 Bb7 22. Bg5 Bc6 23. Bxf6 gxf6 (23... Nxf6 24. Ne4 $18) 24. Ne4 Be7 25. Ng3
Nf8 26. Nf5 Ng6 27. Qf2 Bf8 28. h4 (28. Rfe1 28... Rae8 $18) 28... h5 29. Kh2
Kh7 30. Rg1 Bh6 (30... e4 31. f4 $18) 31. g4 Bf4+ 32. Kh3 Ne7 33. Nxe7 Rxe7 34.
Rd6 (34. gxh5 Bd7+ 35. Rxd7 35... Rxd7 $18) 34... Bd7 35. Qc2+ Kh8 36. Rxd7 (
36. Rxf6 $142 36... Rd8 37. Qe4 hxg4+ 38. fxg4 $18) 36... Rxd7 $14 37. Qf5
37... Rad8 $2 (37... Rd6 $16 $142) 38. Qxf6+ $18 38... Kg8 (38... Kh7 39. gxh5
Bh6 40. Qxe5 40... Rd6 $18) 39. gxh5+ Kf8 40. Rg7 (40. Rg7 Re7 41. h6 Bxh6 42.
Qxh6 $18) 1-0

[Event "Bad Woerishofen op"]
[Site "Bad Woerishofen"]
[Date "2001.??.??"]
[Round "4"]
[White "Fries, Werner"]
[Black "Probst, Joachim"]
[Result "1-0"]
[WhiteElo "1652"]
[BlackElo "1925"]
[Annotator "ChessOrg"]
[PlyCount "51"]
[EventDate "1998.03.05"]
[Source "ChessBase"]
[SourceDate "1998.04.29"]

1. e4 {B19: Caro-Kann (Hauptvariante)} 1... c6 2. d4 d5 3. Nc3 dxe4 4. Nxe4 Bf5
5. Ng3 Bg6 6. h4 h6 7. Nf3 Nd7 8. h5 Bh7 9. Bc4 {letzter Buchzug} 9... e6 10.
Bf4 Ngf6 11. c3 Qb6 12. Bb3 O-O-O 13. Qe2 (13. Nd2 13... Qa6 $11) 13... Nd5 $15
14. Bxd5 exd5 15. O-O f6 (15... g5 $5 16. Bc1 16... Qc7 $15) 16. Nh4 $14 16...
Rg8 17. Ng6 Bxg6 18. hxg6 Rh8 19. Nf5 h5 20. Rfe1 h4 21. Bd6 (21. Kh2 21... Qa5
$16) 21... Bxd6 (21... h3 $5 $11 $142) 22. Nxd6+ $16 22... Kc7 23. Qe7 (23. Nf7
23... Rdf8 $18) 23... c5 $2 (23... h3 $5 $14) 24. Re6 (24. Nf7 $142 24... h3
25. gxh3 $18) 24... Qxb2 25. Rae1 25... Rdg8 $4 (25... h3 26. R6e2 h2+ 27. Kh1
27... Qb6 $18) 26. Nf7 (26. Nf7 Kc8 27. dxc5 $18 (27. Nxh8 $6 27... Rxh8 28.
Qxg7 28... Rd8 $18)) 1-0

[Event "Bad Woerishofen op"]
[Site "Bad Woerishofen"]
[Date "2001.??.??"]
[Round "8"]
[White "Fries, Werner"]
[Black "Wawor, Gerhard"]
[Result "1-0"]
[WhiteElo "1652"]
[BlackElo "1887"]
[Annotator "ChessOrg"]
[PlyCount "53"]
[EventDate "1998.03.05"]
[Source "ChessBase"]
[SourceDate "1998.04.29"]

1. e4 {C02: Franzoesische Verteidigung (Vorstossvariante)} 1... e6 2. d4 d5 3.
e5 c5 4. c3 Qb6 5. Nf3 Bd7 6. a3 Bb5 7. Be2 {letzter Buchzug} 7... Bxe2 8. Qxe2
Qa6 9. Be3 cxd4 10. cxd4 Ne7 11. Nc3 Qxe2+ 12. Kxe2 a6 13. g4 Nec6 14. h4 Nd7
15. h5 f6 16. exf6 gxf6 17. g5 Bd6 18. Rag1 O-O-O 19. gxf6 Nxf6 20. Bh6 (20.
Rg7 20... Bc7 $11) 20... Ne4 $11 21. Bg7 (21. Rc1 21... Rhg8 $11) 21... Nxc3+
$14 22. bxc3 Rhg8 23. h6 23... Ne7 $2 (23... Be7 $14 $142) 24. Ng5 $18 24...
Nf5 25. Nxh7 Be7 (25... Bf4 26. Kf1 $18) 26. Rg6 (26. Nf6 $5 $142 26... Bxf6
27. Bxf6 Rxg1 28. Rxg1 Nxh6 29. Bxd8 29... Kxd8 $18) 26... Rd7 27. Nf8 (27. Nf8
Bxf8 28. h7 Rgxg7 29. h8=Q $18) (27. a4 27... b6 $18) 1-0

[Event "Bad Woerishofen op"]
[Site "Bad Woerishofen"]
[Date "2001.??.??"]
[Round "2"]
[White "Fuchs, Heinz"]
[Black "Huber, Stefan"]
[Result "1-0"]
[WhiteElo "2328"]
[BlackElo "2147"]
[Annotator "ChessOrg"]
[PlyCount "101"]
[EventDate "1998.03.05"]
[Source "ChessBase"]
[SourceDate "1998.04.29"]

1. c4 {A29: Englische Eroeffnung (Vierspringer-Variante)} 1... Nf6 2. Nc3 e5 3.
Nf3 Nc6 4. g3 d5 5. cxd5 Nxd5 6. Bg2 Nb6 7. O-O Be7 8. d3 O-O 9. a3 Re8 10. Be3
Bf8 11. Rc1 Nd4 12. Re1 {letzter Buchzug} 12... c6 13. Na4 Bg4 14. Bxd4 (14.
Nxb6 Qxb6 15. Qd2 Bxf3 16. Bxd4 exd4 17. Bxf3 17... Bd6 $15) 14... exd4 $15 15.
Nc5 Nd7 16. Nxd7 Qxd7 17. Qa4 c5 18. Qxd7 Bxd7 19. Nd2 Rab8 20. Ne4 b6 21. Bf3
Re5 22. Kg2 Be7 23. h4 h6 24. Nd2 Bf8 25. Nc4 Ree8 26. e4 dxe3 27. fxe3 Rbc8
28. Bd5 g6 29. e4 (29. d4 Rcd8 30. dxc5 30... Bb5 $11) 29... b5 30. Na5 Bg7 (
30... Kg7 31. e5 $11) 31. Rc2 b4 (31... Re7 32. Nb3 $11) 32. Nc4 (32. Nb7 $142
32... Bf8 33. Rf1 $14) 32... Be5 $2 (32... Ba4 33. Rf2 33... Rc7 $16) 33. Rf1 (
33. Rf2 $5 $142 33... Kh8 34. Bxf7 Re7 35. Nxe5 Rxe5 36. axb4 36... Bb5 $18)
33... Be6 $16 34. Bxe6 Rxe6 35. Nxe5 Rxe5 (35... b3 $5 36. Rcf2 Rxe5 37. Rxf7
37... a5 $16) 36. axb4 $18 36... Rd8 (36... c4 37. Ra1 Ree8 38. Rxc4 Rxc4 39.
dxc4 Rxe4 40. b3 $18) 37. Rxc5 (37. bxc5 Rxd3 38. c6 38... Rd8 $18) 37... Rxc5
(37... Re7 38. Rc3 $18) 38. bxc5 Rxd3 39. c6 Rd2+ 40. Rf2 Rd8 41. b4 Rc8 42. b5
a6 (42... Kf8 43. Rd2 Rc7 44. e5 $18) 43. bxa6 Rxc6 44. Ra2 Rc8 45. a7 Ra8 46.
e5 Kf8 47. Kf3 Ke7 48. Ra6 h5 (48... Kd7 49. g4 $18) 49. Ke4 Kd8 50. Kd5 Kd7
51. Kc5 (51. Kc5 Kc7 52. Rf6 $18) 1-0

[Event "Bad Woerishofen op"]
[Site "Bad Woerishofen"]
[Date "2001.??.??"]
[Round "4"]
[White "Fuchs, Heinz"]
[Black "Seifert, Volker"]
[Result "1-0"]
[WhiteElo "2328"]
[BlackElo "2175"]
[Annotator "ChessOrg"]
[PlyCount "93"]
[EventDate "1998.03.05"]
[Source "ChessBase"]
[SourceDate "1998.04.29"]

1. c4 {A18: Englische Eroeffnung} 1... Nf6 2. Nc3 e6 3. e4 d5 4. e5 d4 5. exf6
dxc3 6. bxc3 Qxf6 7. Nf3 e5 8. Bd3 8... Be7 {letzter Buchzug} 9. O-O O-O (9...
Nd7 $5 $11) 10. Qc2 $14 10... h6 11. Re1 Nd7 12. Be4 c6 13. d4 Bd6 14. c5 Bc7
15. Bb2 Qf4 (15... Re8 16. c4 $14) 16. Bc1 (16. Bh7+ $5 16... Kh8 17. Bf5 $16)
16... Qf6 $14 17. Bd2 Qe7 (17... Re8 18. Rad1 $11) 18. Bd3 (18. Bf4 Qd8 19.
Bxe5 Nxe5 20. Nxe5 Bxe5 21. dxe5 21... Qe7 $14) 18... Re8 $14 19. Re2 Qf8 20.
Rae1 Rd8 21. Bc4 Kh8 (21... b5 22. Bd3 $14) 22. Qb3 (22. Bg5 Re8 23. Bf4 23...
b6 $16) 22... f5 23. dxe5 (23. Bf7 $5 $142 23... Kh7 24. Be6 $14 (24. dxe5 $143
24... Nxc5 (24... Qxc5 $2 25. e6 $18) 25. Qc4 25... Nd3 $15)) 23... Nxc5 $11 (
23... Qxc5 $2 24. e6 Nf6 25. e7 $18) 24. Qb1 b5 25. Bb3 Ne4 26. Bc2 Rxd2 27.
Rxd2 Nxd2 28. Nxd2 Be6 29. Bb3 Qf7 (29... Re8 30. Nf3 $11) 30. Nf3 Bb6 31. Rd1
Re8 32. h3 Bc7 33. Re1 Bb6 (33... a6 34. Qb2 $11) 34. Qb2 (34. Nd4 Bxd4 35.
cxd4 35... a5 $11) 34... Rd8 (34... Qg6 35. Nd4 Bc8 36. Qd2 $11) 35. Qc2 g6 36.
Rd1 Bd5 37. Bxd5 Rxd5 38. Rxd5 Qxd5 39. Qe2 Qe4 (39... Kg7 $5 $15) 40. Qd2 $11
40... g5 (40... f4 $5 $11 $142) 41. Qd6 $16 41... Kg7 $2 (41... Qb1+ 42. Kh2
Bxf2 43. Qxh6+ Kg8 44. Qxg5+ Kf7 45. Qf6+ Kg8 46. Qd8+ 46... Kg7 $18) 42. Qe7+
(42. e6 Bc5 43. Qxc5 43... Qxe6 $18) 42... Kg8 (42... Kh8 43. e6 Bxf2+ 44. Kxf2
g4 45. Qd8+ Kh7 46. Qd7+ 46... Kh8 $18) 43. e6 Qe2 (43... Bc5 44. Qxc5 44...
Qxe6 $18) 44. Qf7+ Kh8 45. Qe8+ Kg7 46. Qd7+ Kg8 47. e7 (47. e7 Bxf2+ 48. Kh1
$18) 1-0

[Event "Bad Woerishofen op"]
[Site "Bad Woerishofen"]
[Date "2001.??.??"]
[Round "6"]
[White "Fuchs, Heinz"]
[Black "Kalinitschev, Sergej"]
[Result "1/2-1/2"]
[WhiteElo "2328"]
[BlackElo "2495"]
[Annotator "ChessOrg"]
[PlyCount "83"]
[EventDate "1998.03.05"]
[Source "ChessBase"]
[SourceDate "1998.04.29"]

1. c4 {A40: Verschiedene (seltene) Antworten auf 1.d4} 1... b6 2. d4 e6 3. Nf3
Bb7 4. a3 f5 5. g3 Nf6 6. Bg2 Be7 7. Nc3 Ne4 8. Qc2 Nxc3 9. Qxc3 Bf6 10. Qd2 {
letzter Buchzug} 10... Be4 11. b4 d5 12. c5 bxc5 13. bxc5 Nc6 14. Bb2 Rb8 15.
Bc3 Rb3 16. e3 O-O 17. O-O Qd7 18. Rfc1 Rfb8 19. Qd1 R3b7 20. Bf1 f4 (20...
Bxf3 21. Qxf3 Rb3 22. Qd1 $15) 21. gxf4 (21. Nd2 fxe3 22. fxe3 22... Bg5 $11)
21... Qf7 22. Bg2 Qg6 23. h3 Ne7 24. Kh2 Nf5 25. Ne1 25... Rb2 $2 (25... Bxg2
$5 $142 26. Nxg2 26... c6 $14) 26. Bxb2 $16 26... Rxb2 27. Qg4 Rxf2 (27... Qe8
28. Rc3 28... Rxf2 $11) 28. Qxg6 $4 (28. Kg1 $142 28... Rd2 29. Qxg6 hxg6 30.
Bxe4 dxe4 31. Ng2 $16) 28... hxg6 $11 29. Kg1 Re2 30. Bxe4 dxe4 31. Ng2 Nxe3
32. Nxe3 Bxd4 33. Re1 Bxe3+ 34. Kh1 Rxe1+ 35. Rxe1 Bxc5 (35... Bxf4 $143 36.
Rxe4 e5 37. Ra4 $16) 36. Rxe4 Bxa3 37. Rxe6 Bd6 38. Re4 a5 39. Kg2 Bb4 40. Kf3
c5 (40... Kf7 41. Ke3 $15) 41. Ke2 Kf7 42. Kd3 1/2-1/2

[Event "Bad Woerishofen op"]
[Site "Bad Woerishofen"]
[Date "2001.??.??"]
[Round "8"]
[White "Fuchs, Heinz"]
[Black "Goy, Udo"]
[Result "1-0"]
[WhiteElo "2328"]
[BlackElo "2194"]
[Annotator "ChessOrg"]
[PlyCount "79"]
[EventDate "1998.03.05"]
[Source "ChessBase"]
[SourceDate "1998.04.29"]

1. Nf3 {E63: Koenigsindisch (6...Sc6)} 1... Nf6 2. c4 g6 3. Nc3 Bg7 4. g3 O-O
5. Bg2 d6 6. d4 Nc6 7. O-O a6 8. h3 Rb8 9. Be3 9... h6 {letzter Buchzug} 10.
Rc1 Kh7 11. a3 e6 12. b4 Ne7 13. Bd2 Nd7 14. e4 e5 15. d5 f5 16. Ne1 Nf6 17. f3
fxe4 (17... Nh5 18. Ne2 $11) 18. fxe4 $14 18... c6 19. Be3 cxd5 20. cxd5 Nh5
21. Rxf8 Qxf8 22. Bf2 Bd7 23. a4 Qe8 24. Bf1 Nf6 25. b5 h5 (25... Qf7 26. Nd3
$14) 26. Qb3 Bf8 27. Nf3 Bh6 28. Rc2 28... g5 $2 (28... axb5 $142 29. Qb4 bxa4
30. Qxd6 30... Neg8 $11) 29. Qb4 $18 29... Rc8 (29... g4 30. Qxd6 Neg8 31. hxg4
(31. Nxe5 Bf8 32. Qxb8 Qxb8 33. Nxd7 33... Nxd7 $19) 31... hxg4 32. Nd2 $18 (
32. Nxe5 $6 32... Bf8 33. Qb6 33... Qxe5 $11)) 30. Qxd6 30... Kg7 $2 (30...
Neg8 31. Qxe5 axb5 32. axb5 g4 33. Ng5+ 33... Kg6 $18) 31. Qxe5 (31. Nxe5 $143
31... Bxb5 32. Bd4 32... Bxa4 $18) 31... axb5 32. Bd4 Neg8 33. Qxe8 Bxe8 34.
axb5 Kf8 35. Re2 g4 36. hxg4 hxg4 37. Nd2 Bg6 38. e5 Nh5 (38... Rxc3 39. Bxc3 (
39. exf6 $6 39... Rxg3+ 40. Bg2 Rd3 41. Bc5+ 41... Kf7 $14) 39... Nxd5 40. Bd4
$18) 39. Rf2+ Ke8 40. Nde4 (40. Nde4 Rd8 41. d6 $18) 1-0

[Event "Bad Woerishofen op"]
[Site "Bad Woerishofen"]
[Date "2001.??.??"]
[Round "9"]
[White "Fuchs, Heinz"]
[Black "Kekelidse, Mikheil"]
[Result "0-1"]
[WhiteElo "2328"]
[BlackElo "2512"]
[Annotator "ChessOrg"]
[PlyCount "74"]
[EventDate "1998.03.05"]
[Source "ChessBase"]
[SourceDate "1998.04.29"]

1. Nf3 {A35: Englische Eroeffnung (Symmetrische Variante)} 1... c5 2. c4 Nc6 3.
Nc3 g6 4. e3 d6 5. h3 Bg7 6. d4 6... Nf6 {letzter Buchzug} 7. Be2 O-O 8. O-O
Bf5 9. d5 Nb8 10. Nd2 e5 (10... Bc8 11. e4 $11) 11. e4 Bd7 12. a3 Ne8 13. b4
Na6 14. Rb1 b6 15. bxc5 (15. b5 15... Nac7 $14) 15... Nxc5 $11 16. Nb3 f5 17.
Nxc5 dxc5 18. a4 (18. Bd3 $5 $14) 18... Nd6 $11 19. a5 Rb8 (19... bxa5 20. Qc2
$11) 20. axb6 axb6 21. f3 h5 22. Bd2 Rf7 23. Ra1 f4 24. Qb3 Bf6 25. Rfb1 g5 (
25... Bh4 $5 $14) 26. Ra6 Nc8 27. Na4 Bxa4 28. Qxa4 Nd6 29. Ra7 (29. Rd1 29...
Rfb7 $16) 29... Rxa7 $14 30. Qxa7 g4 31. fxg4 Ra8 32. Qxb6 Qxb6 33. Rxb6 Nxe4
34. g5 $2 (34. Kh2 Bh4 35. Bxf4 exf4 36. Bd3 Bg3+ 37. Kg1 $19) 34... Ra1+ 35.
Kh2 Ng3 36. Rb8+ 36... Bd8 $3 37. Rxd8+ Kf7 (37... Kf7 38. Bxh5+ Ke7 39. Re8+
Kd7 40. Rd8+ Kxd8 41. Ba5+ Ke7 42. d6+ Kxd6 43. Bc7+ Kxc7 44. Bd1 Rxd1 45. h4
Rh1#) 0-1

[Event "Bad Woerishofen op"]
[Site "?"]
[Date "2001.??.??"]
[Round "1"]
[White "Gerhards, Walter"]
[Black "Giddins, Stephen"]
[Result "0-1"]
[WhiteElo "1900"]
[BlackElo "2290"]
[Annotator "ChessOrg"]
[PlyCount "88"]
[EventDate "2000.??.??"]

1. e4 {C19: Franzoesische Verteidigung (Nimzowitsch-Variante)} 1... e6 2. d4 d5
3. Nc3 Bb4 4. e5 c5 5. a3 Bxc3+ 6. bxc3 Ne7 7. Nf3 Bd7 8. Bd3 Ba4 9. O-O Qc7
10. Rb1 Nd7 11. Bg5 {letzter Buchzug} 11... c4 12. Be2 f6 13. exf6 gxf6 14. Bh4
Nf5 15. Bg3 Nxg3 16. fxg3 O-O-O 17. Nh4 Rdf8 18. Bg4 f5 19. Bf3 (19. Bh3 19...
Nf6 $11) 19... Nf6 (19... f4 20. Rb4 Bc6 21. g4 $15) 20. Rb4 $11 20... a5 21.
Rb2 Ne4 22. Qe1 Qe7 23. Ra2 Qg5 24. Bd1 Qc1 25. Bh5 Qxe1 26. Rxe1 Nxc3 27. Rb2
Ne4 28. Bd1 Kc7 29. Nf3 Rb8 30. Ne5 b5 31. g4 (31. Bf3 c3 32. Ra2 32... Rhg8
$17) 31... b4 $19 32. axb4 axb4 (32... Rxb4 $143 33. Rxb4 axb4 34. gxf5 exf5
35. Re3 $19) 33. gxf5 exf5 34. Bh5 Be8 35. Bf3 Bc6 (35... b3 36. Ra1 $17) 36.
Ra1 Ra8 37. Rab1 Nc3 38. Rf1 Rhb8 39. Bh5 Ne4 (39... b3 $142 40. cxb3 40...
Rxb3 $17) 40. g3 $2 (40. Rxf5 b3 41. cxb3 Rxb3 42. Rf7+ Kd6 43. Rxb3 cxb3 44.
Rf1 $19) 40... c3 $19 41. Rb3 Nd2 42. Rxf5 Nxb3 43. cxb3 (43. Rf7+ Kb6 44. Rf6
Nxd4 45. Nd7+ Ka5 46. Nxb8 Rxb8 47. Bd1 $19) 43... Ra1+ 44. Kg2 c2 (44... c2
45. Rf7+ Kb6 46. Nxc6 Kxc6 47. Rf6+ Kc7 48. Rf7+ Kd8 49. Rf8+ Ke7 50. Rf7+
50... Ke6 $19) 0-1

[Event "Bad Woerishofen op"]
[Site "Bad Woerishofen"]
[Date "2001.??.??"]
[Round "3"]
[White "Gerhards, Walter"]
[Black "Voeller, Lothar"]
[Result "1/2-1/2"]
[WhiteElo "1900"]
[BlackElo "1658"]
[Annotator "ChessOrg"]
[PlyCount "92"]
[EventDate "1998.03.05"]
[Source "ChessBase"]
[SourceDate "1998.04.29"]

1. e4 {C84: Spanische Partie (Mittelgambit)} 1... e5 2. Nf3 Nc6 3. Bb5 a6 4.
Ba4 Nf6 5. O-O Be7 6. Re1 O-O 7. c3 b5 8. Bc2 {letzter Buchzug} 8... d5 9. exd5
Nxd5 (9... Qxd5 $5 $142 10. d4 10... exd4 $11) 10. Nxe5 $16 10... Nxe5 11. Rxe5
Nf6 12. d4 Bd6 13. Re1 13... Bxh2+ $2 (13... Re8 $16 $142) 14. Kxh2 $18 14...
Ng4+ 15. Kg1 (15. Kg3 $5 15... Nf6 $18) 15... Qh4 16. Qf3 Qh2+ 17. Kf1 Be6 18.
Na3 Rae8 19. Be3 f5 20. Qh3 Qd6 21. Kg1 (21. Re2 b4 22. cxb4 22... Qxb4 $18)
21... b4 22. cxb4 (22. Nb1 $5 22... Nxe3 23. Rxe3 bxc3 24. bxc3 Qb6 25. Rxe6
25... Rxe6 $18) 22... Qxb4 23. Bb3 (23. Rac1 Qxb2 24. d5 24... Bxd5 $18) 23...
Bxb3 24. axb3 Qxb3 25. Bd2 Rxe1+ 26. Rxe1 Qxb2 27. Qc3 (27. Qd3 27... Nf6 $18)
27... Qb6 (27... Qxc3 $5 $142 28. Bxc3 28... Nf6 $16) 28. Qc4+ Kh8 29. Rb1 $4 (
29. Re6 $142 29... Qb2 30. Nc2 $18) 29... Qd6 $17 30. g3 Qxa3 31. Qxc7 Qd3 (
31... Qf3 $5 $142 32. Qf4 Qxf4 33. Bxf4 33... Kg8 $15) 32. Rb8 $11 32... Rg8
33. Rxg8+ Kxg8 34. Qd8+ Kf7 35. Qd7+ Kg6 36. Qe8+ Kf6 37. Qc6+ Kf7 38. d5 $4 (
38. Qd7+ $5 $142 38... Kf6 39. Qd6+ Kf7 40. Qd7+ $11) 38... Qb1+ (38... Qxd2
39. Qe6+ Kf8 40. Qd6+ Ke8 41. Qe6+ Kd8 42. Qd6+ Kc8 43. Qc6+ Kb8 44. Qb6+ Ka8
45. Qc6+ Ka7 46. Qc7+ Ka8 47. Qc6+ Kb8 48. Qb6+ Kc8 49. Qc6+ Kd8 50. Qd6+ Ke8
51. Qe6+ Kd8 52. Qd6+ $11) 39. Bc1 Qe4 (39... Nf6 40. Qc7+ Kg6 41. d6 $17) 40.
Qc7+ (40. Qb7+ $5 40... Qe7 41. Qxa6 Qe1+ 42. Qf1 Qxf1+ 43. Kxf1 $15) 40... Kg6
$17 41. Qc5 Ne5 42. d6 $2 (42. Be3 42... Kh5 $17) 42... Nd3 $4 (42... Nf3+ 43.
Kf1 Qd3+ 44. Kg2 Ne1+ 45. Kg1 45... Qf3 $19) 43. Qc3 Ne1 (43... Qd5 $5 $142 44.
Qd2 44... f4 $17 (44... Qxd6 $6 45. Qg5+ Kf7 46. Qxf5+ Ke8 47. Qc8+ Ke7 48.
Bg5+ Kf7 49. Qf5+ Kg8 50. Qc8+ Kf7 51. Qf5+ Ke8 52. Qc8+ 52... Kf7 $11)) 44.
Kf1 $11 44... Nd3 45. Be3 (45. Kg1 Qd5 (45... Nxc1 $143 46. Qxc1 Qe6 47. Qc7
$15) 46. Qd2 46... f4 $17 (46... Qxd6 $6 47. Qg5+ Kf7 48. Qxf5+ Ke8 49. Qc8+
Ke7 50. Bg5+ Kf7 51. Qf5+ Kg8 52. Qc8+ Kf7 53. Qf5+ Ke8 54. Qc8+ 54... Kf7 $11)
) 45... Ne5 46. Bd4 Qb1+ 1/2-1/2

[Event "Bad Woerishofen op"]
[Site "Bad Woerishofen"]
[Date "2001.??.??"]
[Round "5"]
[White "Gerhards, Walter"]
[Black "Lang, Ludwig"]
[Result "1-0"]
[WhiteElo "1900"]
[BlackElo "1192"]
[Annotator "ChessOrg"]
[PlyCount "49"]
[EventDate "1998.03.05"]
[Source "ChessBase"]
[SourceDate "1998.04.29"]

1. e4 {C84: Spanische Partie (Mittelgambit)} 1... e5 2. Nf3 Nc6 3. Bb5 a6 4.
Ba4 Nf6 5. O-O Be7 6. Re1 O-O 7. c3 b5 8. Bc2 {letzter Buchzug} 8... Bc5 (8...
Bb7 9. d4 exd4 10. e5 $11) 9. d4 $14 9... exd4 10. cxd4 Be7 (10... Bb4 11. Nc3
$14) 11. Nc3 (11. e5 11... Ne8 $16) 11... d6 $14 12. h3 h6 13. Bf4 Ne8 (13...
Nb4 $5 $14) 14. Nd5 f5 15. Rc1 Kh8 (15... Bb7 $5 $16 $142) 16. exf5 $18 16...
Bxf5 $2 (16... Nf6 17. Bb3 17... Bd7 $18) 17. Bb3 Bd7 (17... Nf6 18. Rxc6 Nxd5
19. Bxd5 $18) 18. Rxc6 $1 18... Bxc6 (18... Bf6 19. Rc2 19... c6 $18) 19. Nxe7
Rf6 20. Nxc6 Qd7 21. Ne7 c6 (21... g5 22. Nxg5 $1 22... c5 23. Qh5 $18) 22. Qd3
g5 (22... Ra7 23. Ng6+ Rxg6 24. Qxg6 $18) 23. Ng6+ (23. Bxg5 hxg5 24. Nxg5 $18)
23... Rxg6 (23... Kg7 24. Re7+ Qxe7 25. Nxe7 25... gxf4 $18) 24. Qxg6 gxf4 25.
Qg8# 1-0